New buildings of the masters / (Record no. 19210)
[ view plain ]
| 000 -LEADER | |
|---|---|
| fixed length control field | 00879nam a2200277 a 4500 |
| 003 - CONTROL NUMBER IDENTIFIER | |
| control field | EG-ScBUE |
| 005 - DATE AND TIME OF LATEST TRANSACTION | |
| control field | 20221212100450.0 |
| 008 - FIXED-LENGTH DATA ELEMENTS--GENERAL INFORMATION | |
| fixed length control field | 150422t2012 cc eo f 000 0 eng d |
| 020 ## - INTERNATIONAL STANDARD BOOK NUMBER | |
| International Standard Book Number | 9787214076809 (v. 1) |
| 020 ## - INTERNATIONAL STANDARD BOOK NUMBER | |
| International Standard Book Number | 9787214076755 (v. 2) |
| 040 ## - CATALOGING SOURCE | |
| Original cataloging agency | EG-ScBUE |
| Language of cataloging | eng |
| Description conventions | rda |
| Transcribing agency | EG-ScBUE |
| Modifying agency | EG-ScBUE |
| 082 04 - DEWEY DECIMAL CLASSIFICATION NUMBER | |
| Classification number | 725.2 |
| Item number | NEW |
| Edition number | 22 |
| 245 00 - TITLE STATEMENT | |
| Title | New buildings of the masters / |
| Statement of responsibility, etc | by JTart. |
| 264 #1 - PUBLICATION, DISTRIBUTION, ETC. (IMPRINT) | |
| Place of publication, distribution, etc | [Beijing] : |
| Name of publisher, distributor, etc | JTart publishing & Media, |
| Date of publication, distribution, etc | [2012] |
| 264 #4 - PUBLICATION, DISTRIBUTION, ETC. (IMPRINT) | |
| Date of publication, distribution, etc | c2012 |
| 300 ## - PHYSICAL DESCRIPTION | |
| Extent | 2 volumes : |
| Other physical details | plans, photographs ; |
| Dimensions | 30 cm |
| 520 0# - SUMMARY, ETC. | |
| Summary, etc | Volume 1 -- Volume 2. |
| 650 #7 - SUBJECT ADDED ENTRY--TOPICAL TERM | |
| Topical term or geographic name as entry element | Office buildings. |
| Source of heading or term | BUEsh |
| 9 (RLIN) | 37692 |
| 650 #7 - SUBJECT ADDED ENTRY--TOPICAL TERM | |
| Topical term or geographic name as entry element | Skyscrapers. |
| Source of heading or term | BUEsh |
| 9 (RLIN) | 5789 |
| 650 #7 - SUBJECT ADDED ENTRY--TOPICAL TERM | |
| Topical term or geographic name as entry element | Architectural design. |
| 9 (RLIN) | 3345 |
| Source of heading or term | BUEsh |
| 651 ## - SUBJECT ADDED ENTRY--GEOGRAPHIC NAME | |
| Source of heading or term | BUEsh |
| 653 ## - INDEX TERM--UNCONTROLLED | |
| Resource For college | Engineering, Architecture |
| Arrived date list | April2015 |
| 655 ## - INDEX TERM--GENRE/FORM | |
| Form subdivision | Reading book |
| 710 2# - ADDED ENTRY--CORPORATE NAME | |
| Corporate name or jurisdiction name as entry element | JTart Publishing & Media, |
| Relator term | editor. |
| 9 (RLIN) | 37694 |
| 942 ## - ADDED ENTRY ELEMENTS (KOHA) | |
| Source of classification or shelving scheme | Dewey Decimal Classification |
| Call number prefix | 725.2 NEW |
| Koha item type | Book - Borrowing |
| Withdrawn status | Lost status | Source of classification or shelving scheme | Damaged status | Not for loan | Collection code | Home library | Current library | Shelving location | Date acquired | Source of acquisition | Cost, normal purchase price | Serial Enumeration / chronology | Total Checkouts | Total Renewals | Full call number | Barcode | Date last seen | Date checked out | Cost, replacement price | Koha item type | Public note | Price effective from |
|---|---|---|---|---|---|---|---|---|---|---|---|---|---|---|---|---|---|---|---|---|---|---|
| Dewey Decimal Classification | ايمك | Central Library | Central Library | Second Floor | 22/04/2015 | 390.00 | 2447 | 3 | 13 | 725.2 NEW | 000038053 | 15/07/2025 | 08/02/2018 | 487.50 | Book - Borrowing | V. 1 | ||||||
| Dewey Decimal Classification | ايمك | Central Library | Central Library | Second Floor | 22/04/2015 | 390.00 | 2447 | 5 | 37 | 725.2 NEW | 000038052 | 15/07/2025 | 18/02/2020 | 487.50 | Book - Borrowing | V. 2 | 22/04/2015 |